Economic development and social change in south India / (Record no. 617370)

000 -LEADER
fixed length control field 00429nam a22001337a 4500
020 ## - INTERNATIONAL STANDARD BOOK NUMBER
Qualifying information HB.
040 ## - CATALOGING SOURCE
Transcribing agency FIZZA ISHAQ
082 ## - DEWEY DECIMAL CLASSIFICATION NUMBER
Classification number 330.9548
Author Mark EPS
100 ## - MAIN ENTRY--PERSONAL NAME
Personal name Epstein, T. Scarlett.
9 (RLIN) 134391
245 ## - TITLE STATEMENT
Title Economic development and social change in south India /
Statement of responsibility, etc. T. Scarlett Epstein.
260 ## - PUBLICATION, DISTRIBUTION, ETC.
Place of publication, distribution, etc. Manchester, England:
Name of publisher, distributor, etc. Manchester University Press,
Date of publication, distribution, etc. 1962.
300 ## - PHYSICAL DESCRIPTION
Extent xvi , 353 P. : maps, tables ;
Dimensions 8.5 in
942 ## - ADDED ENTRY ELEMENTS (KOHA)
Source of classification or shelving scheme
Koha item type Book
Holdings
Withdrawn status Lost status Source of classification or shelving scheme Damaged status Not for loan Permanent Location Current Location Shelving location Date acquired Total Checkouts Full call number Barcode Date last seen Price effective from Koha item type
          NUST Baluchistan Campus (NBC) NUST Baluchistan Campus (NBC) General Stacks 05/09/2026   330.9548 EPS QD-148 05/09/2026 05/09/2026 Book
© 2023 Central Library, National University of Sciences and Technology. All Rights Reserved.